[Event "Berlin-ch Seniors op 37th"]
[Site "Berlin"]
[Date "2021.06.11"]
[Round "4"]
[White "Geiss, Anne"]
[Black "Becker, Werner"]
[Result "0-1"]
[WhiteElo "1424"]
[BlackElo "1772"]
[PlyCount "86"]
[EventDate "2021.06.08"]
[EventType "swiss"]
[EventRounds "9"]
[EventCountry "GER"]
[SourceTitle "EXT 2022"]
[Source "ChessBase"]
[SourceDate "2021.10.06"]
[SourceVersion "1"]
[SourceVersionDate "2021.10.06"]
[SourceQuality "1"]

1. e4 c5 2. Nf3 d6 3. Bb5+ Bd7 4. Bxd7+ Nxd7 5. c4 Ngf6 6. Nc3 e6 7. 0-0 Be7 8. d4 0-0 9. h3 a6 10. b3 Re8 11. Bb2 cxd4 12. Nxd4 Qc7 13. Nf3 Rad8 14. Qc2 Nf8 15. Rfe1 Ng6 16. Ne2 Nd7 17. Rad1 b5 18. Rc1 Rc8 19. Qb1 b4 20. g3 Bf6 21. Ned4 Nge5 22. Nxe5 Nxe5 23. f4 Nc6 24. Nf3 Bxb2 25. Qxb2 Qb6+ 26. Kg2 f6 27. e5 dxe5 28. fxe5 Kf7 29. exf6 gxf6 30. Rf1 e5 31. Ng5+ Kg6 32. Qc2+ e4 33. Nxe4 Nd4 34. Qd3 f5 35. Nc3 bxc3 36. g4 Re2+ 37. Rf2 Qc6+ 38. Kg1 Rxf2 39. Kxf2 Qe4 40. gxf5+ Kxf5 41. Rxc3 Rf8 42. Qxe4+ Kxe4+ 43. Kg3 Ne2+ 0-1

[Event "Berlin-ch Seniors op 37th"]
[Site "Berlin"]
[Date "2021.06.08"]
[Round "1"]
[White "Becker, Werner"]
[Black "Seyfried, Claus"]
[Result "1/2-1/2"]
[WhiteElo "1772"]
[BlackElo "2114"]
[PlyCount "46"]
[EventDate "2021.06.08"]
[EventType "swiss"]
[EventRounds "9"]
[EventCountry "GER"]
[SourceTitle "EXT 2022"]
[Source "ChessBase"]
[SourceDate "2021.10.06"]
[SourceVersion "1"]
[SourceVersionDate "2021.10.06"]
[SourceQuality "1"]

1. d4 d5 2. Nf3 e6 3. c4 c6 4. Nc3 dxc4 5. a4 Bb4 6. Bd2 Nf6 7. e3 b5 8. axb5 Bxc3 9. Bxc3 cxb5 10. b3 0-0 11. bxc4 bxc4 12. Bxc4 Qc7 13. Qb3 Nc6 14. 0-0 Rb8 15. Qa3 Bd7 16. Rfc1 Rfc8 17. Ba6 Re8 18. Ba5 Qxa5 19. Qxa5 Nxa5 20. Rxa5 Nd5 21. Ne5 Red8 22. h3 f6 23. Nd3 Kf7 1/2-1/2

[Event "Berlin-ch Seniors op 36th"]
[Site "Berlin"]
[Date "2020.01.28"]
[Round "1.14"]
[White "Albrecht, Rainer"]
[Black "Becker, Werner"]
[Result "1-0"]
[WhiteElo "2046"]
[BlackElo "1750"]
[PlyCount "65"]
[EventDate "2020.01.28"]
[EventType "swiss"]
[EventRounds "9"]
[EventCountry "GER"]
[SourceTitle "EXT 2024"]
[Source "ChessBase"]
[SourceDate "2023.10.10"]
[SourceVersion "1"]
[SourceVersionDate "2023.10.10"]
[SourceQuality "1"]

1. d4 d5 2. c4 e6 3. Nc3 Nf6 4. cxd5 exd5 5. Bg5 Be7 6. e3 h6 7. Bh4 c6 8. Qc2 Nbd7 9. Bd3 b6 10. Nge2 Bb7 11. 0-0 0-0 12. f3 Re8 13. Bf2 c5 14. Bf5 a6 15. Rad1 b5 16. dxc5 Bxc5 17. Nd4 Qc7 18. Nce2 Rac8 19. b3 Qb6 20. Qb2 Rc7 21. b4 Bd6 22. e4 Be5 23. f4 Nxe4 24. Bxe4 dxe4 25. fxe5 Qg6 26. Bg3 Nxe5 27. Nf5 Nf3+ 28. gxf3 Qxf5 29. Bxc7 exf3 30. Ng3 Qg5 31. Rde1 Rxe1 32. Rxe1 Kh7 33. Qe5 1-0

[Event "Berlin Lichtenrade op 15th"]
[Site "Berlin"]
[Date "2019.10.12"]
[Round "1"]
[White "Becker, Werner"]
[Black "Schnabel, Ralf"]
[Result "0-1"]
[WhiteElo "1760"]
[BlackElo "2235"]
[PlyCount "42"]
[EventDate "2019.10.12"]
[EventType "swiss"]
[EventRounds "9"]
[EventCountry "GER"]
[SourceTitle "CBM 192 Extra"]
[Source "Chessbase"]
[SourceDate "2019.11.06"]
[SourceVersion "1"]
[SourceVersionDate "2019.11.06"]
[SourceQuality "1"]

1. d4 f5 2. Bg5 g6 3. Nd2 Bg7 4. e3 Nf6 5. c3 Nc6 6. h4 e5 7. d5 Nb8 8. Qb3 d6 9. Ngf3 h6 10. Bxf6 Bxf6 11. 0-0-0 Nd7 12. e4 0-0 13. h5 Nc5 14. Qc2 g5 15. exf5 g4 16. Nh2 Bg5 17. Bd3 Nxd3+ 18. Qxd3 Bxf5 19. Qc4 Qd7 20. Rhf1 b5 21. Qb3 Bh7 0-1

[Event "Berlin Werner Ott op"]
[Site "Berlin"]
[Date "2019.06.29"]
[Round "8"]
[White "Kutschke, Jens"]
[Black "Becker, Werner"]
[Result "1-0"]
[WhiteElo "1947"]
[BlackElo "1738"]
[PlyCount "77"]
[EventDate "2019.06.22"]
[EventType "swiss"]
[EventRounds "9"]
[EventCountry "GER"]
[SourceTitle "EXT 2022"]
[Source "ChessBase"]
[SourceDate "2021.10.06"]
[SourceVersion "1"]
[SourceVersionDate "2021.10.06"]
[SourceQuality "1"]

1. e4 e6 2. d4 d5 3. exd5 exd5 4. Bd3 Nc6 5. c3 Bd6 6. Nf3 Nge7 7. Qc2 Ng6 8. 0-0 0-0 9. Be3 Nce7 10. Nbd2 c6 11. Rfe1 Qc7 12. h3 Kh8 13. Re2 Bf4 14. Rae1 Ng8 15. Nf1 Nf6 16. Ng5 Bd7 17. Qd2 h6 18. Nxf7+ Rxf7 19. Bxg6 Ne4 20. Bxe4 dxe4 21. Bxf4 Rxf4 22. Rxe4 Rf6 23. Qd3 Qd6 24. Qg3 Qf8 25. Re7 Re8 26. Rxe8 Bxe8 27. Qb8 Bg6 28. Qxf8+ Rxf8 29. Re7 Rf7 30. Rxf7 Bxf7 31. a3 g5 32. Ne3 Be6 33. Kf1 Kg7 34. Ke2 h5 35. Kd3 Kf6 36. Ke4 Bf7 37. d5 Bg6+ 38. Kd4 Be8 39. c4 1-0

[Event "Berlin Werner Ott op"]
[Site "Berlin"]
[Date "2019.06.22"]
[Round "1"]
[White "Becker, Werner"]
[Black "Solberg, Joachim Krokvik"]
[Result "0-1"]
[WhiteElo "1738"]
[BlackElo "2170"]
[PlyCount "52"]
[EventDate "2019.06.22"]
[EventType "swiss"]
[EventRounds "9"]
[EventCountry "GER"]
[SourceTitle "EXT 2022"]
[Source "ChessBase"]
[SourceDate "2021.10.06"]
[SourceVersion "1"]
[SourceVersionDate "2021.10.06"]
[SourceQuality "1"]

1. d4 Nf6 2. c4 g6 3. Nf3 Bg7 4. Nc3 d6 5. e4 0-0 6. Be2 e5 7. dxe5 dxe5 8. 0-0 Nc6 9. Be3 Bg4 10. Rc1 Re8 11. a3 Bxf3 12. Bxf3 Nd4 13. b4 c6 14. g3 Qd7 15. Bg2 Rad8 16. f3 Qe6 17. Bxd4 Qxc4 18. Ne2 Qa6 19. Qb3 exd4 20. Nf4 d3 21. Rfd1 d2 22. Rc2 g5 23. Nh3 Qe2 24. Nf2 Nxe4 25. fxe4 Bd4 26. Qf3 Bxf2+ 0-1

[Event "Berlin-ch QT"]
[Site "Berlin"]
[Date "2019.04.25"]
[Round "6"]
[White "Becker, Werner"]
[Black "Matitschka, Heinz"]
[Result "0-1"]
[WhiteElo "1744"]
[BlackElo "1949"]
[PlyCount "92"]
[EventDate "2019.04.20"]
[EventType "swiss"]
[EventRounds "9"]
[EventCountry "GER"]
[SourceTitle "EXT 2020"]
[Source "ChessBase"]
[SourceDate "2019.10.17"]
[SourceVersion "1"]
[SourceVersionDate "2019.10.17"]
[SourceQuality "1"]

1. d4 Nf6 2. c4 e6 3. Nf3 b6 4. Nc3 Bb4 5. Bd2 Bb7 6. e3 0-0 7. a3 Bxc3 8. Bxc3 Ne4 9. Rc1 d6 10. Bd3 Nd7 11. 0-0 Qe7 12. Qe2 Nxc3 13. Rxc3 e5 14. e4 Rfe8 15. Re1 Nf8 16. d5 Ng6 17. Bc2 Nf4 18. Qd1 Bc8 19. Nd2 h5 20. Nf1 h4 21. Ne3 Qg5 22. Kh1 g6 23. g3 hxg3 24. fxg3 Nh5 25. Qf3 Kg7 26. Rf1 f6 27. Bd1 Rh8 28. Kg2 Bh3+ 29. Kg1 Bxf1 30. Nxf1 Nf4 31. Qg4 Nh3+ 32. Kg2 f5 33. exf5 gxf5 34. Qxg5+ Nxg5 35. Bc2 e4 36. Ne3 Kf6 37. Bd1 Rag8 38. h4 Nf7 39. Kh3 Ne5 40. Be2 Rg7 41. b4 Rhg8 42. Nf1 Ng4 43. a4 Ke5 44. Ra3 f4 45. gxf4+ Kxf4 46. Bxg4 Rxg4 0-1

[Event "Berlin Lichtenberger op 17th"]
[Site "Berlin"]
[Date "2018.08.23"]
[Round "6"]
[White "Hoffmann, Rainer1111"]
[Black "Becker, Werner"]
[Result "1/2-1/2"]
[WhiteElo "1950"]
[BlackElo "1689"]
[PlyCount "86"]
[EventDate "2018.08.18"]
[EventType "swiss"]
[EventRounds "9"]
[EventCountry "GER"]
[SourceTitle "CBM 186 Extra"]
[Source "ChessBase"]
[SourceDate "2018.08.24"]
[SourceVersion "1"]
[SourceVersionDate "2018.08.24"]
[SourceQuality "1"]

1. c4 e5 2. Nc3 Nc6 3. g3 g6 4. Bg2 Bg7 5. e3 Nge7 6. Nge2 0-0 7. 0-0 d6 8. d3 Be6 9. Nd5 Qd7 10. Nec3 Nd8 11. Nxe7+ Qxe7 12. f4 c6 13. e4 f5 14. Bd2 Nf7 15. Qc2 Rad8 16. Rae1 Qd7 17. Be3 exf4 18. gxf4 b6 19. b3 Rfe8 20. Kh1 Bxc3 21. Qxc3 d5 22. Qc1 d4 23. Bf2 fxe4 24. dxe4 Bh3 25. Bg3 Nd6 26. Qc2 c5 27. f5 d3 28. Qd2 Bxg2+ 29. Qxg2 d2 30. Qxd2 Nxe4 31. Qxd7 Rxd7 32. fxg6 hxg6 33. Bf4 Nf2+ 34. Kg2 Rxe1 35. Rxe1 Nd3 36. Re4 Nxf4+ 37. Rxf4 Kg7 38. Rf2 Rf7 39. Rd2 Kf6 40. Kg3 Ke6 41. Kg4 Kf6 42. Rf2+ Kg7 43. Rxf7+ Kxf7 1/2-1/2